000 00667nam a22002297a 4500
003 OSt
005 20150428160225.0
008 150428b xxu||||| |||| 00| 0 eng d
020 _a0723610169
040 _cDNLM
082 _aWU 113.6 C94k 1996
100 _aCurzon M E J
_94271
245 _aKennedy's Paediatric operative dentistry /
_cM E J Curzon, [et...al]
250 _a4th ed
260 _aOxford:
_bButterworth Heinemann;
_c1996.
300 _aix, 197 p :
_bill ;
_c27 cm.
504 _aincludes references and index
650 _aPaediatric Operative dentistry
_94272
700 _aRoberts J F
_94273
700 _aKennedy D B
_94274
942 _2z
_cSLOAN
999 _c1623
_d1623